| 000 | 01090nam a22003617a 4500 | ||
|---|---|---|---|
| 001 | BR8303076 | ||
| 003 | BR-BrBNA | ||
| 005 | 20230928091705.0 | ||
| 007 | ta | ||
| 008 | 230509b bl.||||| |||| 00| 0 por d | ||
| 040 |
_aBR-BrBNA _bpor _cBiblioteca Nacional de Agricultura |
||
| 041 | _a(Por) | ||
| 072 |
_aE10; U10 _b/G514 |
||
| 090 | _ E10 BR8303076 | ||
| 110 | 1 |
_aFundacao de Economia e Estatistica, Porto Alegre, RS (Brasil) _94853 |
|
| 245 | 1 | _aCatalogo de publicacoes [Fundacao de Economia e Estatistica, Bibliografia, Rio Grande do Sul, Brasil] | |
| 260 | 3 |
_aPorto Alegre, RS (Brasil): _c[nd]. |
|
| 300 | _a68 p. | ||
| 500 | _aPublished 1982? | ||
| 650 | _aESTATISTICA AGRICOLA | ||
| 650 | _aDESENVOLVIMENTO ECONOMICO | ||
| 650 | _aMERCADO | ||
| 650 | _aARMAZENAMENTO | ||
| 650 | _aEXPORTACAO | ||
| 650 | _aPROJETO DE DESENVOLVIMENTO | ||
| 650 | _aINDUSTRIA AGRICOLA | ||
| 650 | _aPOLITICA GOVERNAMENTAL | ||
| 650 | _aBIBLIOGRAFIA | ||
| 650 | _aINSTITUICAO AGRICOLA | ||
| 650 | _aRIO GRANDE DO SUL | ||
| 909 |
_a202309 _bLucia _c55 _dLucia Elande |
||
| 942 | _cBK | ||
| 999 |
_c35033 _d35033 |
||